00455nam a2200121Ia 4500008004100000082002600041100002600067245006500093260003900158365000600197630006500203730006500268100415s9999 xx 000 0 und d b21637a599.7442(5475) aGOVERNMENT OF GUJARAT aThe Gir Lion sanctuary Project: (Donated by Mr. Ranganathan) aGANDHINAGARc1975bGOVT.OF GUJARAT b1 aThe Gir Lion sanctuary Project: (Donated by Mr. Ranganathan) aThe Gir Lion sanctuary Project: (Donated by Mr. Ranganathan)